[Event "Tyrrelstown.com"]
[Site "SchemingMind.com"]
[Date "2006.04.05"]
[Round "-"]
[White "Amergin"]
[Black "niallmcg"]
[Result "1-0"]
[WhiteCountry "IRL"]
[BlackCountry "IRL"]
[WhiteElo "1276"]
[WhiteRD "140"]
[BlackElo "1083"]
[BlackRD "109"]
[GameID "45323"]

1. d4 e6 2. e4 Nc6 3. Bc4 a6 4. Nf3 Nf6 5. O-O g6 6. e5 Ne4 7. d5 Ne7 8. Bg5 h6 9. Bh4 h5 10. Re1 Nc5
11. d6 Nf5 12. Bxd8
1-0

[Event "Tyrrelstown.com"]
[Site "SchemingMind.com"]
[Date "2006.04.05"]
[Round "-"]
[White "niallmcg"]
[Black "Amergin"]
[Result "0-1"]
[WhiteCountry "IRL"]
[BlackCountry "IRL"]
[WhiteElo "1083"]
[WhiteRD "109"]
[BlackElo "1276"]
[BlackRD "140"]
[GameID "45324"]

1. Nc3 d5 2. Nf3 e5 3. b3 Nf6 4. d3 Bb4 5. Qd2 d4 6. Bb2 dxc3 7. Bxc3 Ba3 8. Qe3 O-O 9. g3 Nd5 10. Qd2 Nc6
11. Rb1 Ncb4 12. h4 Nxa2 13. Bb2 Bb4 14. c3 Naxc3 15. Ra1 Nb5 16. Bc3 Bxc3
0-1

[Event "Tyrrelstown.com"]
[Site "SchemingMind.com"]
[Date "2006.04.05"]
[Round "-"]
[White "Tipperary"]
[Black "niallmcg"]
[Result "1-0"]
[WhiteCountry "IRL"]
[BlackCountry "IRL"]
[WhiteElo "1542"]
[WhiteRD "82"]
[BlackElo "1095"]
[BlackRD "97"]
[GameID "45325"]

1. e4 e6 2. Bb5 c6 3. Bc4 d5 4. exd5 cxd5 5. Bd3 g6 6. Bb5+ Nd7 7. d4 a6 8. Bd3 f5 9. f4 Bh6 10. a4 Nb6
11. b3 Qd6 12. g3 Nf6 13. Ba3 Qf8 14. Bxf8 Kxf8 15. a5 Nbd7 16. Nf3 Nh5 17. O-O b6 18. Ng5 Bb7 19. Nxe6+ Kg8 20. c4 Kf7
21. cxd5 Rhe8 22. Nc7 Nhf6 23. Re1 Rac8 24. axb6 Re7 25. d6 Rxc7 26. bxc7 Nb6 27. Rxe7+ Kf8 28. Bxa6 Bc6 29. c8=Q+ Nxc8 30. Bxc8 Ng8
31. Qe2 g5 32. d7
1-0

[Event "Tyrrelstown.com"]
[Site "SchemingMind.com"]
[Date "2006.04.20"]
[Round "-"]
[White "Tipperary"]
[Black "Amergin"]
[Result "1-0"]
[WhiteCountry "IRL"]
[BlackCountry "IRL"]
[WhiteElo "1499"]
[WhiteRD "118"]
[BlackElo "1224"]
[BlackRD "112"]
[GameID "45326"]

1. e3 b6 2. d4 Bb7 3. f3 c5 4. Bb5 a6 5. Bd3 d5 6. Ne2 g6 7. O-O f6 8. c4 e5 9. Nbc3 exd4 10. Nxd5 b5
11. Nef4 g5 12. Ne6 Qd6 13. Nec7+ Kd7 14. f4 Ra7 15. Bf5+ Kc6 16. Qh5 bxc4 17. Qd1 c3 18. Qa4#
1-0

[Event "Tyrrelstown.com"]
[Site "SchemingMind.com"]
[Date "2006.04.05"]
[Round "-"]
[White "niallmcg"]
[Black "Tipperary"]
[Result "0-1"]
[WhiteCountry "IRL"]
[BlackCountry "IRL"]
[WhiteElo "1095"]
[WhiteRD "98"]
[BlackElo "1499"]
[BlackRD "118"]
[GameID "45327"]

1. e3 e5 2. Nc3 Nc6 3. b3 f5 4. Nf3 d6 5. a4 Be6 6. d4 Qf6 7. g3 a6 8. h4 O-O-O 9. Bd3 e4 10. Nxe4 fxe4
11. Bxe4 Bg4 12. c4 Re8 13. Bb2 Rxe4 14. O-O Bxf3 15. Qd3 Qf5 16. d5 Qh3
0-1

[Event "Tyrrelstown.com"]
[Site "SchemingMind.com"]
[Date "2006.04.05"]
[Round "-"]
[White "Amergin"]
[Black "Tipperary"]
[Result "0-1"]
[WhiteCountry "IRL"]
[BlackCountry "IRL"]
[WhiteElo "1276"]
[WhiteRD "140"]
[BlackElo "1310"]
[BlackRD "175"]
[GameID "45328"]

1. Nh3 d5 2. Nc3 e6 3. Nf4 Qf6 4. e3 a6 5. d4 Nc6 6. Bd3 g6 7. O-O h5 8. e4 Nxd4 9. exd5 Nh6 10. dxe6 fxe6
11. Bxg6+ Nf7 12. Bxh5 Rg8 13. Re1 c6 14. Ne4 Qe5 15. Ng3 Qc5 16. c3 Nf5 17. b4 Qe7 18. Nxf5 Qf6 19. Ng3 Bd7 20. Qd3 O-O-O
21. Be3 Ne5 22. Qd2 Qh4 23. Bb6 Nc4 24. Qd4 Nxb6 25. Qxb6 Qxf4 26. Qe3 Qg5 27. h4 Qxh4 28. Qe4 Be7 29. Rad1 Rgf8 30. Re3 Rh8
31. Qd4 Rxh5 32. Nxh5 Qxh5 33. Red3 Qe8 34. a4 c5 35. bxc5 Bxa4 36. Rb1 Rxd4 37. cxd4 Bc2 38. Rbb3 Bxb3 39. Rxb3 Qa4 40. Rb6 Qxd4
41. Rxe6 Qd1+ 42. Kh2 Qh5+ 43. Kg3 Bxc5 44. Re4 Bd6+ 45. f4 Qg6+ 46. Kf3 Bc5 47. g4 Qd6 48. Re5 Qd3+ 49. Kg2 Bb4 50. f5 Qd2+
51. Kf3 Qd3+ 52. Kf2 Qd4+ 53. Kg3 Qxe5+ 54. Kh4 Qe7+ 55. Kh5 Qh7+ 56. Kg5 Bd2+ 57. Kf6 Qh4+ 58. g5 Qxg5+ 59. Ke5 Bc3+ 60. Ke6 Qf6+
61. Kd5 Qe5+ 62. Kc4 Qd4+ 63. Kb3 a5 64. f6 a4+ 65. Kc2 Qd2+ 66. Kb1 Qb2#
0-1

[Event "Tyrrelstown.com"]
[Site "SchemingMind.com"]
[Date "2006.04.05"]
[Round "-"]
[White "Joe Hayden"]
[Black "niallmcg"]
[Result "1-0"]
[WhiteCountry "IRL"]
[BlackCountry "IRL"]
[WhiteElo "1598"]
[WhiteRD "117"]
[BlackElo "1095"]
[BlackRD "98"]
[GameID "45337"]

1. e4 e6 2. Nf3 Nf6 3. e5 Nd5 4. d4 Nc6 5. Bc4 Qe7 6. O-O Nb6 7. Bb3 Na5 8. Nbd2 g6 9. c3 Bh6 10. Ne4 Qf8
11. Nf6+ Kd8 12. Bxh6 Qxh6 13. Bc2 g5 14. Qd2 Nac4 15. Qxg5 Qxg5 16. Nxg5 Nd5 17. Nxf7+ Ke7 18. Nxh8 b5 19. Rfe1 Ba6 20. Re4 Nxb2
21. Rg4 Nxf6 22. Rg7+ Kf8 23. exf6 Nc4 24. Bxh7
1-0

[Event "Tyrrelstown.com"]
[Site "SchemingMind.com"]
[Date "2006.04.05"]
[Round "-"]
[White "Joe Hayden"]
[Black "Amergin"]
[Result "1-0"]
[WhiteCountry "IRL"]
[BlackCountry "IRL"]
[WhiteElo "1572"]
[WhiteRD "170"]
[BlackElo "1276"]
[BlackRD "140"]
[GameID "45338"]

1. e4 Nf6 2. e5 Nd5 3. d4 Nc6 4. Nf3 e6 5. Bc4 Bb4+ 6. c3 Ba5 7. O-O O-O 8. Nbd2 d6 9. Re1 Nce7 10. Nb3 Bb6
11. Bd2 f6 12. Qc2 Nf5 13. Re2 c5 14. exf6 Qxf6 15. Bg5 Qg6 16. Bd2 e5 17. Bxd5+ Be6 18. Bxb7 Rab8 19. Be4 cxd4 20. cxd4 exd4
21. Nh4 Qg4 22. Nxf5 Qxe2 23. Re1 Qg4 24. Nxd6 Rbd8 25. Bxh7+ Kh8 26. Re4 Qh5 27. Bg6 Qxg6 28. Rh4+ Qh6 29. Rxh6+ gxh6 30. Bxh6 Bf5
31. Nxf5 d3 32. Qc3+ Kg8 33. Qg7#
1-0

[Event "Tyrrelstown.com"]
[Site "SchemingMind.com"]
[Date "2006.04.05"]
[Round "-"]
[White "Joe Hayden"]
[Black "Tipperary"]
[Result "1-0"]
[WhiteCountry "IRL"]
[BlackCountry "IRL"]
[WhiteElo "1572"]
[WhiteRD "170"]
[BlackElo "1310"]
[BlackRD "175"]
[GameID "45339"]

1. e4 e5 2. Nf3 Nc6 3. Bc4 Nd4 4. Nxe5 Nh6 5. d3 Qf6 6. Bxh6 gxh6 7. Nxf7 Rg8 8. Nd6+ cxd6 9. Bxg8 h5 10. Qxh5+ Kd8
11. Na3 b5 12. Nxb5 Nxc2+ 13. Ke2 Nxa1 14. Rxa1 Qxb2+ 15. Ke3 Qxa1 16. Qg5+ Be7 17. Qg4 Rb8 18. Bc4 Rxb5 19. Bxb5 Bg5+ 20. Qxg5+ Kc7
21. Qd5 Qc1+ 22. Kf3 Kb6 23. Bc4 Qc3 24. Qxd6+ Ka5 25. a3 Ka4 26. Qc5 Qxa3 27. Qb5#
1-0

[Event "Tyrrelstown.com"]
[Site "SchemingMind.com"]
[Date "2006.04.05"]
[Round "-"]
[White "niallmcg"]
[Black "Joe Hayden"]
[Result "0-1"]
[WhiteCountry "IRL"]
[BlackCountry "IRL"]
[WhiteElo "1095"]
[WhiteRD "98"]
[BlackElo "1598"]
[BlackRD "117"]
[GameID "45340"]

1. Nf3 Nc6 2. Nc3 e5 3. g3 Nf6 4. h4 Bc5 5. b3 O-O 6. d3 Ng4 7. e4 Nxf2 8. Qd2 Nxh1 9. Qg2 Nf2 10. Nd1 Nxd1
11. Kxd1 Nd4 12. Nxe5 d6 13. Nc4 Bg4+ 14. Kd2 Nf3+ 15. Ke2 Nxh4+ 16. Kd2 Nf3+ 17. Ke2 Nh4+
0-1

[Event "Tyrrelstown.com"]
[Site "SchemingMind.com"]
[Date "2006.04.05"]
[Round "-"]
[White "Amergin"]
[Black "Joe Hayden"]
[Result "0-1"]
[WhiteCountry "IRL"]
[BlackCountry "IRL"]
[WhiteElo "1276"]
[WhiteRD "140"]
[BlackElo "1572"]
[BlackRD "170"]
[GameID "45341"]

1. g3 e5 2. Bg2 Nf6 3. b3 Nc6 4. Bb2 Bc5 5. Ba3 Bxa3 6. Nxa3 d5 7. Nf3 O-O 8. O-O e4 9. Ng5 h6 10. Nh3 Qe7
11. Qc1 Bf5 12. c4 dxc4 13. Qxc4 Rfd8 14. Rac1 Rxd2 15. Rcd1 Rxa2 16. Nb5 a6 17. Nc3 Rc2 18. f3 exf3 19. Rxf3 Bxh3 20. Bxh3 Ne5
21. Qf4 Nxf3+ 22. Qxf3 Qc5+ 23. e3 Rxc3 24. Qxb7 Qxe3+ 25. Kf1 Re8 26. Qg2 Rc1 27. Rxc1 Qxc1+ 28. Kf2 Qd2+ 29. Kf3 Qe3#
0-1

[Event "Tyrrelstown.com"]
[Site "SchemingMind.com"]
[Date "2006.04.20"]
[Round "-"]
[White "Tipperary"]
[Black "Joe Hayden"]
[Result "0-1"]
[WhiteCountry "IRL"]
[BlackCountry "IRL"]
[WhiteElo "1499"]
[WhiteRD "118"]
[BlackElo "1598"]
[BlackRD "117"]
[GameID "45342"]

1. e3 e5 2. g3 Nc6 3. c3 Bc5 4. Nf3 Nf6 5. b4 Be7 6. Qa4 O-O 7. Bd3 d5 8. b5 Nb8 9. Nxe5 Bd6 10. f4 Nbd7
11. Nxd7 Qxd7 12. Na3 a6 13. f5 Qe8 14. O-O Bd7 15. Qc2 axb5 16. Nxb5 Bxb5 17. Bxb5 Qxb5 18. Rf2 Ne4 19. a4 Qd7 20. c4 Rfe8
21. Qa2 Nxf2 22. Kxf2 dxc4 23. Qc2 Be5 24. a5 Bxa1 25. Qa2 Qxf5+ 26. Ke2 Bd4 27. Qxc4 Qg4+ 28. Kd3 Rxe3+ 29. dxe3 Qd1+ 30. Bd2 Bxe3
31. Qxc7 Qxd2+ 32. Ke4 Re8+
0-1

[Event "Tyrrelstown.com"]
[Site "SchemingMind.com"]
[Date "2006.04.06"]
[Round "-"]
[White "niallmcg"]
[Black "Jason Pomerantz"]
[Result "0-1"]
[WhiteCountry "IRL"]
[BlackCountry "USA"]
[WhiteElo "1095"]
[WhiteRD "98"]
[BlackElo "1473"]
[BlackRD "81"]
[GameID "45498"]

1. Nf3 d5 2. Nc3 Nf6 3. g3 Nc6 4. b3 Bf5 5. d3 e6 6. h4 Bb4 7. Bd2 a6 8. Bh3 d4 9. Nb1 O-O 10. a3 Bxd2+
11. Qxd2 Bxh3 12. Rxh3 Ng4 13. Ng5 h6 14. Ne4 f5 15. Nc5 Qd5 16. b4 Qg2 17. Nxe6 Qg1#
0-1

[Event "Tyrrelstown.com"]
[Site "SchemingMind.com"]
[Date "2006.04.06"]
[Round "-"]
[White "thinkfirst29"]
[Black "niallmcg"]
[Result "1-0"]
[WhiteCountry "USA"]
[BlackCountry "IRL"]
[WhiteElo "1627"]
[WhiteRD "70"]
[BlackElo "1091"]
[BlackRD "101"]
[GameID "45639"]

1. e4 Nf6 2. Nc3 Nc6 3. Nf3 g6 4. Bc4 e6 5. d4 d6 6. Bg5 Bg7 7. e5 Nxe5 8. dxe5 dxe5 9. Nxe5 Qd6 10. Bxf6 Bxf6
11. Qxd6 cxd6 12. Ng4 Bd4 13. O-O-O a6 14. Rxd4 e5 15. Rxd6 Bxg4 16. f3 Bf5 17. Rhd1 O-O 18. g4 Bd7 19. Rxd7 Rac8 20. Bb3 b5
21. Ra7 Rc6 22. Rdd7 Rf6 23. Bd5 Kg7 24. Re7 Kh6 25. h4 Rf4 26. Rxe5 Rd8 27. Rxa6 b4 28. Ne2 f6 29. g5+ Kg7 30. Re7+ Kf8
31. Nxf4 Kxe7 32. Re6+ Kd7 33. Rxf6 Ke7 34. Re6+ Kd7 35. Nd3 Rc8 36. b3 Kd8 37. Rf6 Ke7 38. Rf7+ Kd6 39. Nxb4 Kc5 40. a3
1-0

[Event "Tyrrelstown.com"]
[Site "SchemingMind.com"]
[Date "2006.04.06"]
[Round "-"]
[White "thinkfirst29"]
[Black "Amergin"]
[Result "1-0"]
[WhiteCountry "USA"]
[BlackCountry "IRL"]
[WhiteElo "1603"]
[WhiteRD "70"]
[BlackElo "1276"]
[BlackRD "140"]
[GameID "45641"]

1. e4 e5 2. Nf3 Nc6 3. Bc4 Bc5 4. O-O Nf6 5. d3 Ng4 6. h3 Nh6 7. Nc3 O-O 8. Bxh6 gxh6 9. Qd2 Kh8 10. Qxh6 Rg8
11. Bxf7 Rf8 12. Bg6 Rf6 13. Qxh7#
1-0

[Event "Tyrrelstown.com"]
[Site "SchemingMind.com"]
[Date "2006.04.06"]
[Round "-"]
[White "thinkfirst29"]
[Black "Tipperary"]
[Result "1-0"]
[WhiteCountry "USA"]
[BlackCountry "IRL"]
[WhiteElo "1577"]
[WhiteRD "71"]
[BlackElo "1499"]
[BlackRD "118"]
[GameID "45642"]

1. e4 e5 2. Nf3 Nc6 3. Bc4 Nf6 4. Ng5 Ke7 5. Nxf7 Qe8 6. Nxh8 Qh5 7. Qxh5 Nxh5 8. Nc3 d6 9. Nd5+ Kd7 10. Bb5 a6
11. Bxc6+ bxc6 12. Ne3 Nf4 13. d3 Ke8 14. Nf5 Be6 15. g4 g6 16. Bxf4 exf4 17. Nd4 c5 18. Nxe6 Rc8 19. Nxf4 Ke7 20. h4 Bg7
21. Nhxg6+ hxg6 22. Nxg6+ Kf7 23. h5 Bxb2 24. Rb1 Bd4 25. f4 Re8 26. f5 Kf6 27. h6 Kg5 28. h7 Kxg4 29. h8=Q Rxh8 30. Nxh8 Kg3
31. Ke2
1-0

[Event "Tyrrelstown.com"]
[Site "SchemingMind.com"]
[Date "2006.04.06"]
[Round "-"]
[White "thinkfirst29"]
[Black "Joe Hayden"]
[Result "0-1"]
[WhiteCountry "USA"]
[BlackCountry "IRL"]
[WhiteElo "1577"]
[WhiteRD "71"]
[BlackElo "1598"]
[BlackRD "117"]
[GameID "45643"]

1. e4 e5 2. Nf3 Nc6 3. Bc4 Nf6 4. Ng5 d5 5. exd5 Nxd5 6. Nxf7 Kxf7 7. Qf3+ Ke6 8. c3 Na5 9. Be2 Ke7 10. b4 Nc6
11. Bc4 Be6 12. d4 Ke8 13. O-O Qd7 14. Bg5 exd4 15. Bxd5 Bxd5 16. Re1+ Be7 17. Qh5+ g6 18. Qh6 Qg4 19. f3 Bxf3 20. g3 Kd7
21. Bxe7 Nxe7 22. Qg7 Rae8 23. Nd2 Bc6 24. Rxe7+ Rxe7 25. Qxh8 dxc3 26. Qxc3 Qe2 27. Qd4+ Kc8 28. Qf2 Qe5 29. Rb1 Qd5 30. Qf8+ Re8
31. Qf2 Qh1#
0-1

[Event "Tyrrelstown.com"]
[Site "SchemingMind.com"]
[Date "2006.04.06"]
[Round "-"]
[White "niallmcg"]
[Black "thinkfirst29"]
[Result "0-1"]
[WhiteCountry "IRL"]
[BlackCountry "USA"]
[WhiteElo "1095"]
[WhiteRD "98"]
[BlackElo "1577"]
[BlackRD "71"]
[GameID "45644"]

1. Nc3 e5 2. Nf3 Nc6 3. b3 Nf6 4. d3 Bb4 5. Qd2 d5 6. g3 d4 7. Nxd4 exd4 8. Bb2 dxc3 9. Bxc3 Bxc3 10. Qxc3 O-O
11. f4 Qd5 12. Rg1 Re8 13. a4 Bg4 14. e4 Re7 15. h4 Rae8 16. Be2 Nxe4 17. dxe4 Rxe4 18. Rd1 Rxe2+ 19. Kf1 Qxd1+
0-1

[Event "Tyrrelstown.com"]
[Site "SchemingMind.com"]
[Date "2006.04.10"]
[Round "-"]
[White "Amergin"]
[Black "thinkfirst29"]
[Result "0-1"]
[WhiteCountry "IRL"]
[BlackCountry "USA"]
[WhiteElo "1238"]
[WhiteRD "110"]
[BlackElo "1603"]
[BlackRD "70"]
[GameID "45646"]

1. e4 c5 2. d4 cxd4 3. Qxd4 Nc6 4. Qd1 e5 5. Nf3 Bb4+ 6. c3 Ba5 7. Bc4 Nf6 8. O-O O-O 9. Bg5 a6 10. Bd5 h6
11. Bh4 g5 12. Bg3 d6 13. b4 Bb6 14. a4 Bg4 15. h3 Bh5 16. a5 Ba7 17. c4 Nxd5 18. cxd5 Nd4 19. Nfd2 Bxd1 20. Rxd1 Ne2+
21. Kh2 f5 22. Re1 Nxg3 23. Kxg3 f4+ 24. Kf3 Qe8 25. Nc4 Rf6 26. g3 fxg3+ 27. Kxg3 Bxf2+ 28. Kg2 Bxe1 29. Nxd6 Rxd6 30. Kf1 Bxb4
31. Ra2 Qb5+ 32. Kf2 Rf8+ 33. Kg3 h5 34. h4 Qd3+ 35. Kg2 Qxe4+ 36. Kh3 g4+ 37. Kh2 Qxb1 38. Re2 Rxd5 39. Re4 Rd2+ 40. Kg3 Rf3#
0-1

[Event "Tyrrelstown.com"]
[Site "SchemingMind.com"]
[Date "2006.04.20"]
[Round "-"]
[White "Tipperary"]
[Black "thinkfirst29"]
[Result "1-0"]
[WhiteCountry "IRL"]
[BlackCountry "USA"]
[WhiteElo "1499"]
[WhiteRD "118"]
[BlackElo "1577"]
[BlackRD "71"]
[GameID "45647"]

1. e3 e5 2. d4 exd4 3. exd4 d5 4. Nf3 Nf6 5. Na3 Bg4 6. h3 Bh5 7. Be2 Bb4+ 8. c3 Bxa3 9. bxa3 Bxf3 10. Bxf3 Qe7+
11. Qe2 Qxe2+ 12. Bxe2 Ne4 13. Bd2 Nc6 14. Rd1 O-O 15. O-O Nxd2 16. Rxd2 Rae8 17. Bf3 Ne7 18. Re2 c6 19. Rfe1 g6 20. Rxe7 Rb8
21. h4 h5 22. g4 Kh7 23. g5 a5 24. a4 b5 25. R1e6 b4 26. Rxc6 b3 27. axb3 Rxb3 28. Bxd5 Rb1+ 29. Kg2 Ra1 30. Bxf7
1-0

[Event "Tyrrelstown.com"]
[Site "SchemingMind.com"]
[Date "2006.04.07"]
[Round "-"]
[White "Joe Hayden"]
[Black "thinkfirst29"]
[Result "0-1"]
[WhiteCountry "IRL"]
[BlackCountry "USA"]
[WhiteElo "1556"]
[WhiteRD "95"]
[BlackElo "1603"]
[BlackRD "70"]
[GameID "45648"]

1. e4 c5 2. Bc4 e6 3. e5 Nc6 4. Nf3 a6 5. O-O b5 6. Be2 Bb7 7. Nc3 Qc7 8. Re1 O-O-O 9. d3 d6 10. exd6 Bxd6
11. Ne4 f5 12. Nxd6+ Qxd6 13. Bg5 Nf6 14. c3 h6 15. Bxf6 gxf6 16. Qc2 Rhg8 17. c4 Nd4 18. Nxd4 Rxg2+ 19. Kf1 Qxh2 20. Bf3 Rg1+
21. Ke2 Qe5+ 22. Kd2 Qf4+ 23. Ke2 Rxe1+ 24. Rxe1 Rxd4 25. Bxb7+ Kxb7 26. cxb5 Rd5 27. bxa6+ Ka7 28. Kf1 e5 29. Qa4 Qxa4 30. a3 Rxd3
31. Rc1 c4 32. Ke2 Qb3 33. Re1 Qxb2+ 34. Kf1 c3 35. a4 c2 36. Kg2 c1=Q 37. Rxc1 Qxc1 38. a5 Qg5+ 39. Kf1 h5 40. Ke2 Ra3
41. Kf1 h4 42. f4 Qg4 43. Kf2 Qxf4+ 44. Kg1 Qe3+ 45. Kh1 Qc1+ 46. Kh2 Qc2+
0-1

[Event "Tyrrelstown.com"]
[Site "SchemingMind.com"]
[Date "2006.04.06"]
[Round "-"]
[White "sorrochess"]
[Black "thinkfirst29"]
[Result "1-0"]
[WhiteCountry "INT"]
[BlackCountry "USA"]
[WhiteElo "2024"]
[WhiteRD "115"]
[BlackElo "1603"]
[BlackRD "70"]
[GameID "45651"]

1. e4 c5 2. d4 cxd4 3. c3 dxc3 4. Nxc3 e5 5. Nf3 Nc6 6. Bc4 Bb4 7. O-O Bxc3 8. bxc3 Nf6 9. Ba3 Nxe4 10. Qd5 Qf6
11. Qxe4 a6 12. Bd5 h6 13. Rfe1 Ne7 14. Nxe5 O-O 15. Bxe7 Qxe7 16. Qd3 Qg5 17. Nxf7
1-0

[Event "Tyrrelstown.com"]
[Site "SchemingMind.com"]
[Date "2006.04.06"]
[Round "-"]
[White "sorrochess"]
[Black "niallmcg"]
[Result "1-0"]
[WhiteCountry "INT"]
[BlackCountry "IRL"]
[WhiteElo "2024"]
[WhiteRD "115"]
[BlackElo "1083"]
[BlackRD "109"]
[GameID "45652"]

1. e4 Nf6 2. Nc3 Nc6 3. Nf3 e6 4. d4 b6 5. Bd3 g6 6. O-O h5 7. e5 Nd5 8. Ne4 d6 9. c4 Nf4 10. Nf6+ Ke7
11. Bxf4 Bg7 12. Bg5 Ba6 13. Nxh5+ f6 14. exf6+ Bxf6 15. Bxf6+
1-0

[Event "Tyrrelstown.com"]
[Site "SchemingMind.com"]
[Date "2006.04.06"]
[Round "-"]
[White "sorrochess"]
[Black "Jason Pomerantz"]
[Result "1-0"]
[WhiteCountry "INT"]
[BlackCountry "USA"]
[WhiteElo "2088"]
[WhiteRD "102"]
[BlackElo "1473"]
[BlackRD "81"]
[GameID "45653"]

1. e4 e5 2. Nf3 Nc6 3. Bb5 a6 4. Ba4 Nf6 5. O-O Nxe4 6. d4 b5 7. Bb3 d6 8. Bd5 Bb7 9. Bxe4 d5 10. Bf5 g6
11. Bh3 e4 12. Ne5 f5 13. Nxc6 Bxc6 14. Bxf5 Bd7 15. Bxd7+ Qxd7 16. f3 Qe7 17. fxe4 dxe4 18. Qg4 Bg7 19. c3 Rf8 20. Re1 Qf7
21. Rxe4+ Kd8 22. Bg5+ Bf6 23. Rf4 Qe7 24. Rxf6 Rxf6 25. Qh4 Kd7 26. Nd2 Qe2 27. Re1 Qxd2 28. Bxd2 Raf8 29. Bh6 g5 30. Qxg5 R8f7
31. Qd5+ Rd6 32. Qxf7+ Kc6 33. Re7 Rxh6 34. Rxc7+ Kb6 35. Rb7+ Ka5 36. b4+ Ka4 37. Qb3#
1-0

[Event "Tyrrelstown.com"]
[Site "SchemingMind.com"]
[Date "2006.04.06"]
[Round "-"]
[White "sorrochess"]
[Black "Amergin"]
[Result "1-0"]
[WhiteCountry "INT"]
[BlackCountry "IRL"]
[WhiteElo "2024"]
[WhiteRD "115"]
[BlackElo "1276"]
[BlackRD "140"]
[GameID "45654"]

1. e4 e5 2. Nc3 Nf6 3. Nf3 d6 4. d4 d5 5. dxe5 Nxe4 6. Qxd5 f5 7. Qxd8+ Kxd8 8. Bg5+ Be7 9. Rd1+ Nd7 10. Bxe7+ Kxe7
11. Nd5+ Kd8 12. e6 Ndc5 13. e7+ Kd7 14. Ne5+ Ke6 15. Nxc7+ Kxe5 16. Rd8 Rxd8 17. exd8=Q Rb8 18. Qe7+ Ne6 19. Bc4 b5 20. Bxe6 Bxe6
21. Qxe6+ Kf4 22. Nd5+ Kg4 23. Ne3+ Kg5 24. Qxf5+ Kh6 25. Ng4#
1-0

[Event "Tyrrelstown.com"]
[Site "SchemingMind.com"]
[Date "2006.04.06"]
[Round "-"]
[White "sorrochess"]
[Black "Tipperary"]
[Result "1-0"]
[WhiteCountry "INT"]
[BlackCountry "IRL"]
[WhiteElo "2024"]
[WhiteRD "115"]
[BlackElo "1310"]
[BlackRD "175"]
[GameID "45655"]

1. e4 e5 2. Nf3 Nc6 3. Bb5 Nf6 4. Nc3 d6 5. d4 exd4 6. Nxd4 Nxe4 7. Nxe4 Qh4 8. Qe2 Bd7 9. Nxd6+ Kd8 10. Bg5+ Qxg5
11. Nxf7+ Kc8 12. Nxg5 Nxd4 13. Bxd7+ Kxd7 14. O-O-O c5 15. Qb5+ Kc7 16. Ne6+ Nxe6 17. Rd7+
1-0

[Event "Tyrrelstown.com"]
[Site "SchemingMind.com"]
[Date "2006.04.06"]
[Round "-"]
[White "sorrochess"]
[Black "Joe Hayden"]
[Result "1-0"]
[WhiteCountry "INT"]
[BlackCountry "IRL"]
[WhiteElo "2024"]
[WhiteRD "115"]
[BlackElo "1572"]
[BlackRD "170"]
[GameID "45656"]

1. e4 e5 2. Nf3 Nc6 3. Bb5 Nf6 4. O-O d6 5. d3 Bd7 6. c3 Be7 7. Be3 O-O 8. h3 a6 9. Ba4 b5 10. Bb3 Na5
11. Bc2 c5 12. Nbd2 Bc6 13. b4 Nb7 14. bxc5 Nxc5 15. Bxc5 dxc5 16. Nxe5 Qc7 17. Nxc6 Qxc6 18. Re1 Rad8 19. Qf3 c4 20. d4 Rfe8
21. Nf1 Ba3 22. Rab1 Bf8 23. Ng3 Rd6 24. d5 Nxd5 25. exd5 Rxe1+ 26. Rxe1 Rxd5 27. Be4 Qe6 28. Bxh7+
1-0

[Event "Tyrrelstown.com"]
[Site "SchemingMind.com"]
[Date "2006.04.06"]
[Round "-"]
[White "thinkfirst29"]
[Black "sorrochess"]
[Result "0-1"]
[WhiteCountry "USA"]
[BlackCountry "INT"]
[WhiteElo "1603"]
[WhiteRD "70"]
[BlackElo "2024"]
[BlackRD "115"]
[GameID "45657"]

1. e4 e5 2. Nf3 Nc6 3. Bc4 Nd4 4. d3 d5 5. Bxd5 Nf6 6. Nc3 Nxd5 7. Nxd5 Bg4 8. Be3 c6 9. Bxd4 exd4 10. Nf4 Qa5+
11. Qd2 Bb4 12. c3 dxc3 13. Qc2 cxb2+ 14. Ke2 bxa1=R 15. Rxa1 g5 16. Nh3 Bh5 17. Nxg5 Qxg5 18. Qb2 O-O-O 19. Kf1 Bxf3 20. gxf3 Bc5
21. Rb1 Bb6 22. a4 Rhg8
0-1

[Event "Tyrrelstown.com"]
[Site "SchemingMind.com"]
[Date "2006.04.07"]
[Round "-"]
[White "niallmcg"]
[Black "sorrochess"]
[Result "0-1"]
[WhiteCountry "IRL"]
[BlackCountry "INT"]
[WhiteElo "1083"]
[WhiteRD "109"]
[BlackElo "2024"]
[BlackRD "115"]
[GameID "45658"]

1. Nf3 d5 2. Nc3 Nf6 3. g3 d4 4. Na4 Nc6 5. b3 e5 6. h4 e4 7. Ng1 Bg4 8. f3 Qd6 9. Rh2 Qxg3+ 10. Rf2 O-O-O
11. Bb2 e3 12. dxe3 Bb4+ 13. c3 dxe3 14. Qd3 Qxf2+ 15. Kd1 Rxd3+
0-1

[Event "Tyrrelstown.com"]
[Site "SchemingMind.com"]
[Date "2006.04.06"]
[Round "-"]
[White "Jason Pomerantz"]
[Black "sorrochess"]
[Result "0-1"]
[WhiteCountry "USA"]
[BlackCountry "INT"]
[WhiteElo "1473"]
[WhiteRD "81"]
[BlackElo "2088"]
[BlackRD "102"]
[GameID "45659"]

1. d4 Nf6 2. c4 g6 3. Nc3 d5 4. cxd5 Nxd5 5. e4 Nxc3 6. bxc3 Bg7 7. Bc4 O-O 8. Bf4 c5 9. e5 Nd7 10. Nf3 Nb6
11. Bd3 cxd4 12. cxd4 Be6 13. O-O Bd5 14. Qc2 Bxf3 15. gxf3 Qxd4 16. Qd2 Rfd8 17. Rfd1 Bxe5 18. Bxe5 Qxe5 19. Qe3 Qf6 20. Qe4 Rd4
21. Qxb7 Rxd3 22. Rab1 Ra3 23. Rxb6 axb6 24. Rd3 Rxa2 25. Rc3 Qg5+ 26. Kf1 Rxf2+ 27. Kxf2 Ra2+ 28. Kf1 Qg2+ 29. Ke1 Qe2#
0-1

[Event "Tyrrelstown.com"]
[Site "SchemingMind.com"]
[Date "2006.04.07"]
[Round "-"]
[White "Amergin"]
[Black "sorrochess"]
[Result "0-1"]
[WhiteCountry "IRL"]
[BlackCountry "INT"]
[WhiteElo "1276"]
[WhiteRD "140"]
[BlackElo "2024"]
[BlackRD "115"]
[GameID "45660"]

1. e4 e5 2. d4 Nc6 3. c3 Nf6 4. f3 exd4 5. cxd4 d5 6. exd5 Bb4+ 7. Nc3 Nxd5 8. Qe2+ Be6 9. g3 Nxc3 10. Qd3 Ne4+
11. Ke2 Nxd4+ 12. Ke3 Nf5+ 13. Kxe4 Qe7 14. Qb5+ c6 15. Qe5 Bd6 16. Qa5 Bc4+ 17. Kxf5 g6+ 18. Kg4 Be6+
0-1

[Event "Tyrrelstown.com"]
[Site "SchemingMind.com"]
[Date "2006.04.20"]
[Round "-"]
[White "Tipperary"]
[Black "sorrochess"]
[Result "0-1"]
[WhiteCountry "IRL"]
[BlackCountry "INT"]
[WhiteElo "1310"]
[WhiteRD "175"]
[BlackElo "2024"]
[BlackRD "115"]
[GameID "45661"]

1. e3 Nf6 2. f3 e5 3. c3 d5 4. d4 e4 5. Be2 Bd6 6. a4 O-O 7. f4 c5 8. g4 Nxg4 9. Bxg4 Qh4+ 10. Kf1 Bxg4
11. Qe1 Qh5 12. h4 Na6 13. Rh2 Rfe8 14. Na3 Re6 15. dxc5 Nxc5 16. c4 Rg6 17. b4 Nd3 18. Qd2 Bxb4 19. Qxd3 exd3 20. Nb1 Be2+
21. Kf2 Qg4 22. Nxe2 Qxe2#
0-1